000 00279nam a22001217a 4500
008 170329b xxu||||| |||| 00| 0 eng d
041 _aeng
080 _a616-053.2
100 _a8
101 _aSHM
245 _aCUURENT PEDIATRIC DIAGNOSIS TREATMENT
_cKEMPE.C.H
942 _2udc
_cBK
999 _c8984
_d8984